| 000 | 00000nam##2200000za#4500 |
| 001 | 9.644097 |
| 003 | CaOODSP |
| 005 | 20210624224503 |
| 007 | cr ||||||||||| |
| 008 | 150407|2015||||xxc|||||o f|0| 0 fre|d |
| 020 | |a978-0-660-23102-0 |
| 040 | |aCaOODSP|bfre |
| 043 | |an-cn--- |
| 086 | 1 |aEn14-209/2015F-PDF |
| 110 | 1 |aCanada. |bEnvironnement Canada. |
| 245 | 10|aRapport final d'évaluation préalable sur la souche ATCC 17587 de Pseudomonas stutzeri / |h[ressource électronique]|c[publié con-jointement avec] Santé Canada. |
| 260 | |aOttawa - Ontario : |bEnvironnement Canada |cJanvier 2015. |
| 300 | |a50p.|bfigures, références, tableaux |
| 590 | |a15-05|b2015-01-30 |
| 691 | 07|aBactérie|2gcpds |
| 691 | 07|aGestion des risques|2gcpds |
| 775 | 08|tFinal screening assessment report for Pseudomonas stutzeri ATCC 17587 / |w(CaOODSP)9.700187 |
| 856 | 40|ahttp://publications.gc.ca|qPDF|s1826 Ko|uhttps://publications.gc.ca/collections/collection_2015/ec/En14-209-2015-fra.pdf |